| 000 | 00668nam a22001217a 4500 | ||
|---|---|---|---|
| 040 | _cRUA | ||
| 082 | _aDVM SEA 2025 B707 Or.1 | ||
| 100 | _aSEAN CHIVORN, សៀន ជីវន្ត័ | ||
| 245 | _aCase Of Kidney Problems in canines at animal hospital, sangkat phsar demthkov, khan chamkamorn, phnom penh, ករណីបញ្ហាតម្រងនោម លើសុនខ នៅមន្ទីពេទ្យសត្វ ក្នុងសង្កាត់ផ្សារដើមថ្កូវ ខណ្ឌចំការមន រាជធានីភ្នំពេញ | ||
| 260 |
_aPHNOM PENH _bRUA _c2025 |
||
| 300 |
_axi,49p. _bill. _c29cm. |
||
| 942 | _cNRM | ||
| 999 |
_c25692 _d25692 |
||